000 00304nam a2200133Ia 4500
008 231017s9999 xx 000 0 und d
082 _a625.73
082 _bTRB
245 0 _aStream bed and erosion control measures
245 0 _cGreen Bank
260 _bGreen Bank
300 _c30cm
942 _cREP
999 _c605965
_d605965